|
|
|
|
| LEADER |
00000nlm0a2200000 4500 |
| 001 |
245848 |
| 005 |
20231101232147.0 |
| 035 |
|
|
|a (RuTPU)RU\TPU\book\267283
|
| 090 |
|
|
|a 245848
|
| 100 |
|
|
|a 20131119d2013 k y0rusy50 ca
|
| 101 |
0 |
|
|a rus
|
| 102 |
|
|
|a RU
|
| 105 |
|
|
|a a dm 001zy
|
| 135 |
|
|
|a drcn ---uucaa
|
| 181 |
|
0 |
|a i
|
| 182 |
|
0 |
|a b
|
| 200 |
1 |
|
|a Обработка древесины в электромагнитных и тепловых полях при пониженном давлении
|b Электронный ресурс
|e автореферат диссертации на соискание ученой степени кандидата технических наук
|e спец. 05.09.02
|f М. А. Горешнев
|g Национальный исследовательский Томский политехнический университет (ТПУ), Институт физики высоких технологий (ИФВТ), Кафедра техники и электрофизики высоких напряжений (ТЭВН) ; науч. рук. В. В. Лопатин
|
| 203 |
|
|
|a Текст
|c электронный
|
| 210 |
|
|
|a Томск
|d 2013
|
| 215 |
|
|
|a 1 файл (950 Kb)
|
| 230 |
|
|
|a Электронные текстовые данные (1 файл : 950 Kb)
|
| 300 |
|
|
|a Заглавие с титульного экрана
|
| 300 |
|
|
|a Электронная версия печатной публикации
|
| 337 |
|
|
|a Adobe Reader
|
| 452 |
|
1 |
|0 (RuTPU)RU\TPU\book\270200
|t Обработка древесины в электромагнитных и тепловых полях при пониженном давлении
|o автореферат диссертации на соискание ученой степени кандидата технических наук
|o спец. 05.09.02
|f М. А. Горешнев
|g Национальный исследовательский Томский политехнический университет (ТПУ) ; науч. рук. В. В. Лопатин
|c Томск
|d 2013
|p 22 с.
|a Горешнев, Максим Алексеевич
|
| 606 |
1 |
|
|a Древесина
|x Высокотемпературная обработка
|2 stltpush
|3 (RuTPU)RU\TPU\subj\10105
|9 37234
|
| 610 |
1 |
|
|a авторефераты диссертаций
|
| 610 |
1 |
|
|a электронный ресурс
|
| 610 |
1 |
|
|a труды учёных ТПУ
|
| 610 |
1 |
|
|a сушка
|
| 610 |
1 |
|
|a физические свойства
|
| 610 |
1 |
|
|a комбинированные методы
|
| 610 |
1 |
|
|a тепловлагоперенос
|
| 610 |
1 |
|
|a объемно-пропитанная древесина
|
| 610 |
1 |
|
|a электрофизиологические параметры
|
| 610 |
1 |
|
|a береза
|
| 610 |
1 |
|
|a оптимальные режимы
|
| 610 |
1 |
|
|a тепломассоперенос
|
| 610 |
1 |
|
|a моделирование
|
| 675 |
|
|
|a 674.04(04)
|v 3
|
| 686 |
|
|
|a 05.09.02
|2 oksvnk
|
| 700 |
|
1 |
|a Горешнев
|b М. А.
|c специалист в области электрофизики
|c инженер Томского политехнического университета
|f 1986-
|g Максим Алексеевич
|2 stltpush
|3 (RuTPU)RU\TPU\pers\29883
|
| 702 |
|
1 |
|a Лопатин
|b В. В.
|c электрофизик
|c доктор физико-математических наук, профессор Томского политехнического университета, заместитель директора по научной работе ИФВТ ТПУ
|f 1947-
|g Владимир Васильевич
|2 stltpush
|3 (RuTPU)RU\TPU\pers\20662
|4 727
|
| 712 |
0 |
2 |
|a Национальный исследовательский Томский политехнический университет (ТПУ)
|b Институт физики высоких технологий (ИФВТ)
|b Кафедра техники и электрофизики высоких напряжений (ТЭВН)
|h 4779
|2 stltpush
|3 (RuTPU)RU\TPU\col\18692
|
| 801 |
|
2 |
|a RU
|b 63413507
|c 20140407
|g PSBO
|
| 856 |
4 |
|
|u http://www.lib.tpu.ru/fulltext/a/2013/81.pdf
|
| 942 |
|
|
|c CF
|